000 00361nam a22001337a 4500
003 OSt
005 20231127223337.0
008 231127b |||||||| |||| 00| 0 eng d
040 _cCO-JMCR
082 _aC
_bMCGA
100 _aMcgheee, Alison y Reynolds, Peter H.
_eAutor
_942980
245 _aAlgún día /
_cAlison Mcghee y Peter H. Reynolds
942 _2ddc
_cBK
999 _c30391
_d16775